[Event "WYCC 2018 G16"]
[Site "Halkidiki"]
[Date "2018.10.23"]
[Round "5"]
[White "Urh, Zala"]
[Black "Berdnyk, Mariia"]
[Result "1/2-1/2"]
[WhiteElo "2066"]
[BlackElo "2179"]
[Annotator "NA"]
[PlyCount "134"]
[EventDate "2018.10.20"]
[EventType "swiss"]
[EventCountry "GRE"]
[SourceTitle "playchess.com"]
[Source "ChessBase"]
[SourceQuality "1"]
[TimeControl "40/5400+30:1800+30"]

1. d4 {[%emt 0:00:00]} Nf6 {[%emt 0:00:00]} 2. c4 {[%emt 0:00:00]} g6 {[%emt 0:00:00]} 3. Nc3 {[%emt 0:00:00]} Bg7 {[%emt 0:00:00]} 4. e4 {[%emt 0:00:00]} d6 {[%emt 0:00:00]} 5. Nf3 {[%emt 0:00:41]} O-O {[%emt 0:00:00]} 6. h3 {[%emt 0:00:09]} e5 {[%emt 0:00:00]} 7. d5 {[%emt 0:00:28]} a5 {[%emt 0:00:00]} 8. g4 {[%emt 0:01:43]} Na6 {[%emt 0:00:01]} 9. Be3 {[%emt 0:01:07]} Nd7 {[%emt 0:01:05]} 10. Nd2 {[%emt 0:03:57]} Ndc5 {[%emt 0:01:03]} 11. Nb3 {[%emt 0:10:42]} Bd7 {[%emt 0:14:58]} 12. Nxc5 {[%emt 0:05:01]} Nxc5 {[%emt 0:00:23]} 13. Qc2 {[%emt 0:03:23]} a4 {[%emt 0:06:20]} 14. O-O-O $11 {[%emt 0:03:06]} a3 {[%emt 0:02:22]} 15. b3 {[%emt 0:00:52]} Na6 {[%emt 0:02:05]} 16. Kb1 {[%emt 0:02:28]} Qe7 {[%emt 0:11:46]} 17. Qd2 {[%emt 0:03:19]} Rfc8 {[%emt 0:05:10]} 18. f3 {[%emt 0:06:21]} Qf8 {[%emt 0:05:42]} 19. h4 {[%emt 0:08:08]} h6 {[%emt 0:02:50]} 20. Bh3 {[%emt 0:02:11]} Rd8 {[%emt 0:00:45]} 21. Rh2 {[%emt 0:01:21]} Be8 {[%emt 0:02:40]} 22. Rg1 {[%emt 0:18:33]} c5 {[%emt 0:05:23]} 23. Bf1 {[%emt 0:02:50]} Nc7 {[%emt 0:01:10]} 24. Bd3 {[%emt 0:01:25]} Rdb8 {[%emt 0:02:00]} 25. Qe2 {[%emt 0:01:17]} b5 {[%emt 0:05:59]} 26. cxb5 {[%emt 0:00:43]} Rb7 {[%emt 0:00:45]} 27. Rc1 {[%emt 0:00:55]} Rab8 {[%emt 0:01:13]} 28. Bc4 {[%emt 0:02:36]} Nxb5 {[%emt 0:04:04]} 29. Nxb5 {[%emt 0:01:24]} Bxb5 {[%emt 0:00:05]} 30. Bxb5 {[%emt 0:00:05]} Rxb5 {[%emt 0:00:04]} 31. h5 {[%emt 0:04:34]} g5 {[%emt 0:00:34]} 32. Rc4 {[%emt 0:01:54]} Qe8 {[%emt 0:01:46]} 33. Rh1 {[%emt 0:01:23]} Ra8 {[%emt 0:05:05]} 34. Qd3 {[%emt 0:01:39]} Bf6 {[%emt 0:00:52]} 35. Kc2 {[%emt 0:01:10]} Bd8 {[%emt 0:03:10]} 36. Bd2 {[%emt 0:00:09]} Rb7 {[%emt 0:01:56]} 37. Rd1 {[%emt 0:03:42]} Ba5 {[%emt 0:01:50]} 38. Ra4 {[%emt 0:00:54]} Bxd2 {[%emt 0:00:35]} 39. Rxa8 {[%emt 0:00:01]} Qxa8 {[%emt 0:00:07]} 40. Kxd2 {[%emt 0:00:00]} Rb4 {[%emt 0:00:00]} 41. Ke3 {[%emt 0:16:03]} Rd4 {[%emt 0:07:08]} 42. Qc2 {[%emt 0:01:11]} Qa7 {[%emt 0:04:15]} 43. Ke2 {[%emt 0:12:26]} Qa6+ {[%emt 0:00:58]} 44. Ke3 {[%emt 0:00:11]} Qb6 {[%emt 0:00:40]} 45. Ke2 {[%emt 0:00:31]} Qb5+ {[%emt 0:02:10]} 46. Ke3 {[%emt 0:00:05]} Kg7 {[%emt 0:10:05]} 47. Rc1 {[%emt 0:01:42]} Qa5 {[%emt 0:02:41]} 48. Ke2 {[%emt 0:02:58]} Qd8 {[%emt 0:01:00]} 49. Qc3 {[%emt 0:00:41]} Qb6 {[%emt 0:01:27]} 50. Qc2 {[%emt 0:00:14]} Qb5+ {[%emt 0:00:26]} 51. Ke3 {[%emt 0:00:04]} Kh7 {[%emt 0:04:55]} 52. Qc3 {[%emt 0:00:33]} Qb6 {[%emt 0:01:08]} 53. Ke2 {[%emt 0:00:06]} Qa6+ {[%emt 0:00:06]} 54. Ke3 {[%emt 0:00:15]} Qa8 {[%emt 0:00:22]} 55. Ke2 {[%emt 0:01:08]} Qd8 {[%emt 0:02:55]} 56. Rc2 {[%emt 0:00:52]} f5 {[%emt 0:01:39]} 57. exf5 {[%emt 0:02:25]} Qa8 {[%emt 0:01:15]} 58. Rd2 {[%emt 0:00:20]} Qxd5 {[%emt 0:00:53]} 59. Rxd4 {[%emt 0:00:02]} exd4 {[%emt 0:02:11]} 60. Qd3 {[%emt 0:00:13]} Kg7 {[%emt 0:02:02]} 61. Qe4 {[%emt 0:00:33]} Qf7 {[%emt 0:00:29]} 62. Kd3 {[%emt 0:00:42]} Qd7 {[%emt 0:02:28]} 63. Kd2 {[%emt 0:01:25]} d5 {[%emt 0:00:53]} 64. Qe5+ {[%emt 0:00:13]} Kf7 {[%emt 0:00:22]} 65. Qh8 {[%emt 0:00:57]} Qd6 {[%emt 0:00:47]} 66. Qh7+ {[%emt 0:00:08]} Kf8 {[%emt 0:00:34]} 67. Qh8+ {[%emt 0:00:08]} Kf7 {[%emt 0:00:56]} 1/2-1/2

[Event "WYCC 2018 G16"]
[Site "Halkidiki"]
[Date "2018.10.23"]
[Round "5"]
[White "Aubert, Estee"]
[Black "Tejasvi M"]
[Result "1-0"]
[WhiteElo "2064"]
[BlackElo "1869"]
[Annotator "NA"]
[PlyCount "89"]
[EventDate "2018.10.20"]
[EventType "swiss"]
[EventCountry "GRE"]
[SourceTitle "playchess.com"]
[Source "ChessBase"]
[SourceQuality "1"]
[TimeControl "40/5400+30:1800+30"]

1. e4 {[%emt 0:00:00]} e5 {[%emt 0:00:01]} 2. Nf3 {[%emt 0:00:00]} Nc6 {[%emt 0:00:08]} 3. Bb5 {[%emt 0:00:00]} g6 {[%emt 0:00:11]} 4. d3 {[%emt 0:00:33]} Bg7 {[%emt 0:00:55]} 5. O-O {[%emt 0:03:55]} a6 {[%emt 0:00:32]} 6. Ba4 {[%emt 0:00:06]} Nge7 {[%emt 0:04:48]} 7. c3 {[%emt 0:09:20]} O-O $11 {[%emt 0:06:55] LiveBook: 10 Games} 8. Nbd2 {[%emt 0:05:53]} d6 {[%emt 0:17:52]} 9. Re1 {[%emt 0:00:53]} h6 {[%emt 0:07:54]} 10. Nf1 {[%emt 0:01:50]} Kh7 {[%emt 0:11:37]} 11. d4 {[%emt 0:13:59]} Bg4 {[%emt 0:08:50]} 12. d5 {[%emt 0:01:32]} Bxf3 {[%emt 0:00:45]} 13. Qxf3 {[%emt 0:00:36]} Nb8 {[%emt 0:03:34]} 14. Bc2 {[%emt 0:04:35]} Nd7 {[%emt 0:04:27]} 15. Ne3 {[%emt 0:00:53]} Nf6 {[%emt 0:02:29]} 16. a4 {[%emt 0:12:47]} a5 {[%emt 0:09:10]} 17. Nc4 {[%emt 0:06:21]} Nfg8 {[%emt 0:01:41]} 18. Ne3 {[%emt 0:03:08]} Qc8 {[%emt 0:04:34]} 19. g4 {[%emt 0:05:37]} g5 {[%emt 0:04:41]} 20. Nf5 {[%emt 0:05:20]} Nxf5 {[%emt 0:02:28]} 21. gxf5 {[%emt 0:00:36]} Bf6 {[%emt 0:03:31]} 22. Bd1 {[%emt 0:04:18]} Ne7 {[%emt 0:00:55]} 23. Qh5 {[%emt 0:00:50]} Qe8 {[%emt 0:00:57]} 24. Re3 {[%emt 0:02:59]} Rg8 {[%emt 0:00:43]} 25. Rg3 {[%emt 0:00:04]} Rg7 {[%emt 0:01:08]} 26. Kh1 {[%emt 0:00:36]} Ng8 {[%emt 0:00:28]} 27. Be2 {[%emt 0:03:41]} Be7 {[%emt 0:01:21]} 28. Rh3 {[%emt 0:03:41]} f6 {[%emt 0:00:43]} 29. Qg4 {[%emt 0:00:43]} c6 {[%emt 0:00:29]} 30. c4 {[%emt 0:02:14]} c5 {[%emt 0:00:18]} 31. Bd2 {[%emt 0:00:35]} Bf8 {[%emt 0:00:29]} 32. Rg3 {[%emt 0:01:27]} Qd8 {[%emt 0:00:30]} 33. Qh3 {[%emt 0:01:00]} b6 {[%emt 0:00:42]} 34. Bh5 {[%emt 0:01:15]} Ne7 {[%emt 0:00:18]} 35. Qg2 {[%emt 0:01:50]} Kg8 {[%emt 0:00:43]} 36. h4 {[%emt 0:01:01]} Ra7 {[%emt 0:00:32]} 37. hxg5 {[%emt 0:00:18]} hxg5 {[%emt 0:00:08]} 38. Rh3 {[%emt 0:00:16]} Rh7 {[%emt 0:00:44]} 39. Qh2 {[%emt 0:01:23]} Kg7 {[%emt 0:00:43]} 40. Rg1 {[%emt 0:00:00]} Kh8 {[%emt 0:00:00]} 41. Bf7 {[%emt 0:05:21]} Rxh3 {[%emt 0:04:37]} 42. Qxh3+ {[%emt 0:00:20]} Kg7 {[%emt 0:00:02]} 43. Qh5 {[%emt 0:00:34]} Nc8 {[%emt 0:01:56]} 44. Qg6+ {[%emt 0:00:09]} Kh8 {[%emt 0:00:02]} 45. Qg8# {[%emt 0:00:10]} 1-0

[Event "WYCC 2018 G16"]
[Site "Halkidiki"]
[Date "2018.10.23"]
[Round "5"]
[White "Gombocz, Zsofia"]
[Black "Sanskriti Goyal"]
[Result "1-0"]
[WhiteElo "2038"]
[BlackElo "1971"]
[Annotator "NA"]
[PlyCount "115"]
[EventDate "2018.10.20"]
[EventType "swiss"]
[EventCountry "GRE"]
[SourceTitle "playchess.com"]
[Source "ChessBase"]
[SourceQuality "1"]
[TimeControl "40/5400+30:1800+30"]

1. e4 {[%emt 0:00:00]} e6 {[%emt 0:00:00]} 2. d4 {[%emt 0:00:00]} d5 {[%emt 0:00:03]} 3. Nd2 {[%emt 0:00:00]} c5 {[%emt 0:00:16]} 4. Ngf3 {[%emt 0:00:00]} cxd4 {[%emt 0:00:47]} 5. exd5 {[%emt 0:01:39]} Qxd5 {[%emt 0:01:08]} 6. Bc4 {[%emt 0:00:35]} Qd7 {[%emt 0:16:32]} 7. O-O {[%emt 0:01:57]} Nc6 {[%emt 0:02:01]} 8. Nb3 {[%emt 0:00:27]} Nf6 {[%emt 0:01:26]} 9. Nfxd4 {[%emt 0:01:12]} a6 {[%emt 0:08:17]} 10. a4 {[%emt 0:04:54]} Bd6 {[%emt 0:06:41]} 11. Re1 {[%emt 0:05:14]} Qc7 {[%emt 0:05:41]} 12. h3 {[%emt 0:06:29]} O-O {[%emt 0:04:14]} 13. Bg5 {[%emt 0:05:02]} Be7 {[%emt 0:08:49]} 14. Qe2 {[%emt 0:04:43]} Bd7 $11 {[%emt 0:11:52]} 15. c3 {[%emt 0:09:39]} Rac8 {[%emt 0:03:20]} 16. Bd3 {[%emt 0:03:23]} h6 {[%emt 0:03:17]} 17. Bh4 {[%emt 0:02:35]} Nd5 {[%emt 0:02:08]} 18. Bxe7 {[%emt 0:14:11]} Ncxe7 {[%emt 0:00:23]} 19. Qe4 {[%emt 0:04:32]} Nf6 {[%emt 0:01:08]} 20. Qh4 {[%emt 0:00:28]} Ned5 {[%emt 0:04:03]} 21. a5 {[%emt 0:09:05]} Rfd8 {[%emt 0:03:39]} 22. Rad1 {[%emt 0:05:19]} Nf4 {[%emt 0:01:22]} 23. Bc2 {[%emt 0:01:33]} N4h5 {[%emt 0:02:07]} 24. Nf3 {[%emt 0:01:28]} Bc6 {[%emt 0:02:53]} 25. Re3 {[%emt 0:04:50]} Nf4 {[%emt 0:02:44]} 26. Rde1 {[%emt 0:06:26]} Rd5 {[%emt 0:03:09]} 27. g4 {[%emt 0:03:22]} Rb5 {[%emt 0:02:48]} 28. Qg3 {[%emt 0:01:59]} N4d5 {[%emt 0:01:54]} 29. Qxc7 {[%emt 0:01:01]} Nxc7 {[%emt 0:00:44]} 30. Nfd4 {[%emt 0:00:58]} Rg5 {[%emt 0:00:57]} 31. Nxc6 {[%emt 0:00:25]} bxc6 {[%emt 0:00:01]} 32. f4 {[%emt 0:01:22]} Rd5 {[%emt 0:00:21]} 33. Bd3 {[%emt 0:00:32]} Rb8 {[%emt 0:01:05]} 34. Bc4 {[%emt 0:00:10]} Rdd8 {[%emt 0:00:18]} 35. R3e2 {[%emt 0:00:49]} Nfd5 {[%emt 0:00:41]} 36. Rf2 {[%emt 0:00:19]} g5 {[%emt 0:00:37]} 37. fxg5 {[%emt 0:00:48]} hxg5 {[%emt 0:00:01]} 38. Nd4 {[%emt 0:00:28]} Nf4 {[%emt 0:00:40]} 39. Rxf4 {[%emt 0:00:23]} gxf4 {[%emt 0:00:03]} 40. Nxc6 {[%emt 0:00:00]} Rbc8 {[%emt 0:00:00]} 41. Ne7+ {[%emt 0:01:29]} Kg7 {[%emt 0:01:55]} 42. Nxc8 {[%emt 0:00:12]} Rxc8 {[%emt 0:00:00]} 43. Re4 {[%emt 0:02:19]} Rb8 {[%emt 0:13:35]} 44. b4 {[%emt 0:09:54]} Rh8 {[%emt 0:00:36]} 45. Kh2 {[%emt 0:00:57]} Rc8 {[%emt 0:02:10]} 46. Rxf4 {[%emt 0:02:43]} Nd5 {[%emt 0:00:35]} 47. Rd4 {[%emt 0:01:57]} e5 {[%emt 0:01:48]} 48. Rxd5 {[%emt 0:05:08]} Rxc4 {[%emt 0:00:08]} 49. Rc5 {[%emt 0:03:39]} Re4 {[%emt 0:00:21]} 50. Rc6 {[%emt 0:01:20]} Re3 {[%emt 0:00:19]} 51. Kg2 {[%emt 0:01:13]} e4 {[%emt 0:00:36]} 52. h4 {[%emt 0:00:36]} Re2+ {[%emt 0:00:37]} 53. Kg3 {[%emt 0:00:44]} Re1 {[%emt 0:01:18]} 54. Rxa6 {[%emt 0:00:25]} e3 {[%emt 0:00:38]} 55. Kf3 {[%emt 0:00:59]} e2 {[%emt 0:00:29]} 56. Rc6 {[%emt 0:00:17]} f6 {[%emt 0:00:30]} 57. Rc4 {[%emt 0:00:21]} Kf7 {[%emt 0:00:22]} 58. Kf2 {[%emt 0:00:16]} 1-0

[Event "WYCC 2018 G16"]
[Site "Halkidiki"]
[Date "2018.10.23"]
[Round "5"]
[White "Hercog, Nusa"]
[Black "Ortega Beltran, Ximena"]
[Result "1-0"]
[WhiteElo "2017"]
[BlackElo "1628"]
[Annotator "NA"]
[PlyCount "101"]
[EventDate "2018.10.20"]
[EventType "swiss"]
[EventCountry "GRE"]
[SourceTitle "playchess.com"]
[Source "ChessBase"]
[SourceQuality "1"]
[TimeControl "40/5400+30:1800+30"]

1. d4 {[%emt 0:00:00]} Nf6 {[%emt 0:00:00]} 2. c4 {[%emt 0:00:00]} c5 {[%emt 0:00:00]} 3. d5 {[%emt 0:00:00]} e6 {[%emt 0:00:00]} 4. Nc3 {[%emt 0:00:02]} exd5 {[%emt 0:00:02]} 5. cxd5 {[%emt 0:00:05]} d6 {[%emt 0:00:06]} 6. e4 {[%emt 0:01:14]} g6 {[%emt 0:00:22]} 7. Qa4+ {[%emt 0:01:02]} Nbd7 {[%emt 0:00:37]} 8. Bf4 {[%emt 0:00:57]} Nh5 {[%emt 0:02:25]} 9. Be3 {[%emt 0:08:23]} a6 {[%emt 0:03:47]} 10. Be2 {[%emt 0:01:52]} Nhf6 {[%emt 0:00:49]} 11. f4 {[%emt 0:06:40]} Rb8 {[%emt 0:03:19]} 12. Qc2 {[%emt 0:03:49]} b5 {[%emt 0:03:30]} 13. Nh3 {[%emt 0:07:16]} b4 $11 {[%emt 0:09:40]} 14. Nd1 {[%emt 0:04:37]} Qe7 {[%emt 0:01:06]} 15. Nhf2 {[%emt 0:00:58]} Bg7 {[%emt 0:01:21]} 16. O-O {[%emt 0:00:29]} O-O {[%emt 0:00:12]} 17. Rc1 {[%emt 0:06:00]} Re8 {[%emt 0:02:24]} 18. Bf3 {[%emt 0:01:45]} Nb6 {[%emt 0:09:33]} 19. b3 {[%emt 0:04:37]} a5 {[%emt 0:03:16]} 20. Re1 {[%emt 0:01:43]} Bd7 {[%emt 0:20:36]} 21. Nb2 {[%emt 0:03:11]} Bb5 {[%emt 0:03:40]} 22. Bd2 {[%emt 0:16:03]} Qd7 {[%emt 0:04:00]} 23. Nc4 {[%emt 0:05:51]} Nxc4 {[%emt 0:09:52]} 24. bxc4 {[%emt 0:00:02]} Ba4 {[%emt 0:00:08]} 25. Qd3 {[%emt 0:00:48]} h5 {[%emt 0:00:18]} 26. e5 {[%emt 0:05:54]} dxe5 {[%emt 0:01:03]} 27. fxe5 {[%emt 0:00:07]} Nh7 {[%emt 0:00:43]} 28. e6 {[%emt 0:01:54]} fxe6 {[%emt 0:05:05]} 29. Qxg6 {[%emt 0:01:21]} exd5 {[%emt 0:01:59]} 30. Bxd5+ {[%emt 0:00:14]} Kh8 {[%emt 0:00:06]} 31. Ne4 {[%emt 0:07:38]} Bd4+ {[%emt 0:03:00]} 32. Be3 {[%emt 0:00:56]} Qg4 {[%emt 0:02:20]} 33. Bxd4+ {[%emt 0:01:43]} cxd4 {[%emt 0:00:03]} 34. Qd6 {[%emt 0:01:29]} d3 {[%emt 0:02:15]} 35. Qc5 {[%emt 0:02:28]} Bc2 {[%emt 0:02:24]} 36. h3 {[%emt 0:01:18]} Qg7 {[%emt 0:00:36]} 37. Rf1 {[%emt 0:02:07]} Rf8 {[%emt 0:00:54]} 38. Rce1 {[%emt 0:01:26]} a4 {[%emt 0:01:29]} 39. Rxf8+ {[%emt 0:00:22]} Rxf8 {[%emt 0:00:02]} 40. Qxb4 {[%emt 0:00:00]} Qd4+ {[%emt 0:00:00]} 41. Kh1 {[%emt 0:02:29]} Rd8 {[%emt 0:08:10]} 42. Qd2 {[%emt 0:07:24]} Rb8 {[%emt 0:04:04]} 43. Nd6 {[%emt 0:05:19]} Rb1 {[%emt 0:02:44]} 44. Rxb1 {[%emt 0:04:21]} Bxb1 {[%emt 0:00:02]} 45. Qe1 {[%emt 0:05:35]} Nf6 {[%emt 0:09:08]} 46. Nf7+ {[%emt 0:05:56]} Kg7 {[%emt 0:01:49]} 47. Qg3+ {[%emt 0:01:02]} Kf8 {[%emt 0:08:02]} 48. Qb8+ {[%emt 0:00:05]} Kg7 {[%emt 0:00:06]} 49. Qh8+ {[%emt 0:00:22]} Kg6 {[%emt 0:00:13]} 50. Qh6+ {[%emt 0:00:02]} Kf5 {[%emt 0:00:01]} 51. Qg5# {[%emt 0:00:04]} 1-0

[Event "WYCC 2018 G16"]
[Site "Halkidiki"]
[Date "2018.10.23"]
[Round "5"]
[White "Jarocka, Liwia"]
[Black "Bach, Ngoc Thuy Duong"]
[Result "1-0"]
[WhiteElo "1990"]
[BlackElo "2161"]
[Annotator "NA"]
[PlyCount "67"]
[EventDate "2018.10.20"]
[EventType "swiss"]
[EventCountry "GRE"]
[SourceTitle "playchess.com"]
[Source "ChessBase"]
[SourceQuality "1"]
[TimeControl "40/5400+30:1800+30"]

1. e4 {[%emt 0:00:00]} c5 {[%emt 0:00:00]} 2. Nf3 {[%emt 0:00:00]} d6 {[%emt 0:00:00]} 3. d4 {[%emt 0:00:00]} cxd4 {[%emt 0:00:00]} 4. Nxd4 {[%emt 0:00:00]} Nf6 {[%emt 0:00:00]} 5. Nc3 {[%emt 0:00:28]} a6 {[%emt 0:00:00]} 6. Be3 {[%emt 0:00:38]} e5 {[%emt 0:00:08]} 7. Nb3 {[%emt 0:00:06]} Be6 {[%emt 0:00:10]} 8. f3 {[%emt 0:00:18]} Be7 {[%emt 0:00:19]} 9. Qd2 {[%emt 0:00:52]} Nbd7 {[%emt 0:02:16]} 10. O-O-O {[%emt 0:00:19]} O-O {[%emt 0:00:09]} 11. g4 {[%emt 0:00:08]} b5 {[%emt 0:00:07]} 12. g5 {[%emt 0:00:09]} Nh5 {[%emt 0:00:04]} 13. Nd5 {[%emt 0:03:48]} Bxd5 {[%emt 0:00:08] B90: Sicilian Najdorf: Unusual White 6th moves, 6 Be3 Ng4 and 6 Be3 e5} 14. exd5 {[%emt 0:00:06]} f5 {[%emt 0:01:11]} 15. Rg1 {[%emt 0:01:57]} f4 {[%emt 0:07:27]} 16. Bf2 {[%emt 0:00:09] [#]} g6 $146 {[%emt 0:04:40]} ({Predecessor:} 16... Bxg5 17. Bh3 Be7 18. Na5 Qc7 19. Nc6 Rae8 20. Qb4 Nhf6 21. Qa3 {1-0 (39) Kobalia,M (2619)-Jakovenko,D (2748) Satka 2018}) 17. Bh3 {[%emt 0:02:27]} Ng7 {[%emt 0:01:10]} 18. Na5 {[%emt 0:01:07]} Qc7 {[%emt 0:09:49]} 19. Nc6 {[%emt 0:00:59]} Bd8 {[%emt 0:00:39]} 20. Bg4 {[%emt 0:01:22]} Nb6 {[%emt 0:04:25]} 21. h4 {[%emt 0:01:27]} Nc8 {[%emt 0:04:39]} 22. Kb1 {[%emt 0:10:02]} Qf7 {[%emt 0:01:50]} 23. Qb4 {[%emt 0:10:38]} Bc7 {[%emt 0:01:09]} 24. Qe4 {[%emt 0:06:39]} Bb6 {[%emt 0:04:46]} 25. Bxb6 {[%emt 0:03:55]} Nxb6 {[%emt 0:00:06]} 26. h5 {[%emt 0:02:31]} Rae8 {[%emt 0:02:50]} 27. hxg6 $16 {[%emt 0:01:57]} hxg6 {[%emt 0:01:02]} 28. Rh1 {[%emt 0:03:01]} Nf5 {[%emt 0:00:22]} 29. Bxf5 {[%emt 0:07:50]} Qxf5 {[%emt 0:00:30]} 30. Qe2 {[%emt 0:02:06]} Kg7 {[%emt 0:04:02]} 31. Rh7+ {[%emt 0:03:06]} Kg8 {[%emt 0:06:08]} 32. Qh2 {[%emt 0:01:28]} Qxg5 {[%emt 0:00:14]} 33. Rh8+ {[%emt 0:00:37]} Kf7 {[%emt 0:00:06]} 34. Qh7+ {[%emt 0:00:17]} 1-0

[Event "WYCC 2018 G16"]
[Site "Halkidiki"]
[Date "2018.10.23"]
[Round "5"]
[White "Aciu, Malina-Andreea"]
[Black "Getman, Tatyana"]
[Result "0-1"]
[WhiteElo "1976"]
[BlackElo "2195"]
[Annotator "NA"]
[PlyCount "124"]
[EventDate "2018.10.20"]
[EventType "swiss"]
[EventCountry "GRE"]
[SourceTitle "playchess.com"]
[Source "ChessBase"]
[SourceQuality "1"]
[TimeControl "40/5400+30:1800+30"]

1. e4 {[%emt 0:00:00]} c5 {[%emt 0:00:00]} 2. Nf3 {[%emt 0:00:00]} d6 {[%emt 0:00:00]} 3. d4 {[%emt 0:00:00]} cxd4 {[%emt 0:00:00]} 4. Nxd4 {[%emt 0:00:00]} Nf6 {[%emt 0:00:00]} 5. Nc3 {[%emt 0:00:00]} a6 {[%emt 0:00:00]} 6. Be2 {[%emt 0:00:00]} e5 {[%emt 0:00:03]} 7. Nb3 {[%emt 0:00:00]} Be7 {[%emt 0:00:05]} 8. Be3 {[%emt 0:00:00]} Be6 {[%emt 0:00:07]} 9. Qd3 {[%emt 0:00:00]} O-O {[%emt 0:02:28]} 10. Nd5 {[%emt 0:00:47]} Nbd7 {[%emt 0:00:59]} 11. O-O {[%emt 0:00:20]} Bxd5 {[%emt 0:04:51]} 12. exd5 {[%emt 0:00:10]} Rc8 {[%emt 0:01:37]} 13. c4 $11 {[%emt 0:02:49] LiveBook: 76 Games} Ne8 {[%emt 0:02:35]} 14. Qd2 {[%emt 0:13:03]} b6 {[%emt 0:02:02]} 15. Nc1 {[%emt 0:16:47]} a5 {[%emt 0:05:02]} 16. a3 {[%emt 0:01:06]} g6 {[%emt 0:04:42]} 17. b4 {[%emt 0:03:18]} Ng7 {[%emt 0:06:21]} 18. Bd3 {[%emt 0:05:33]} Re8 {[%emt 0:10:54]} 19. f3 {[%emt 0:03:33]} f5 {[%emt 0:04:34]} 20. Rb1 {[%emt 0:08:09]} a4 {[%emt 0:05:18]} 21. Ne2 {[%emt 0:07:33]} f4 {[%emt 0:04:05]} 22. Bf2 {[%emt 0:00:25]} Bh4 {[%emt 0:01:07]} 23. Nc3 {[%emt 0:06:13]} Bxf2+ {[%emt 0:01:38]} 24. Rxf2 {[%emt 0:00:46]} Nf5 {[%emt 0:10:37]} 25. Nxa4 {[%emt 0:06:52]} Ne3 {[%emt 0:01:14]} 26. Nb2 {[%emt 0:00:17]} Kh8 {[%emt 0:03:22]} 27. Rc1 {[%emt 0:00:42]} Qc7 {[%emt 0:04:25]} 28. Re1 {[%emt 0:00:31]} Qd8 {[%emt 0:05:02]} 29. Rxe3 {[%emt 0:02:12]} fxe3 {[%emt 0:00:02]} 30. Qxe3 {[%emt 0:00:01]} Qh4 {[%emt 0:01:58]} 31. g3 {[%emt 0:03:37]} Qd4 {[%emt 0:01:54]} 32. Qh6 {[%emt 0:05:14]} Rg8 {[%emt 0:01:09]} 33. h4 {[%emt 0:01:27]} Nf6 {[%emt 0:01:07]} 34. Qg5 {[%emt 0:01:45]} Rcf8 {[%emt 0:01:15]} 35. Qd2 {[%emt 0:01:58]} Rf7 {[%emt 0:02:05]} 36. Bf1 {[%emt 0:02:52]} Qxd2 {[%emt 0:03:36]} 37. Rxd2 {[%emt 0:00:04]} g5 {[%emt 0:03:04]} 38. hxg5 {[%emt 0:04:30]} Rxg5 {[%emt 0:00:03]} 39. Kh2 {[%emt 0:00:33]} Ng4+ {[%emt 0:07:01]} 40. fxg4 {[%emt 0:00:00]} Rxf1 {[%emt 0:00:00]} 41. Na4 {[%emt 0:20:09]} Rxg4 {[%emt 0:08:26]} 42. Nxb6 {[%emt 0:00:18]} Rc1 {[%emt 0:02:22]} 43. Rd3 {[%emt 0:04:29]} Rc2+ {[%emt 0:05:36]} 44. Kh3 {[%emt 0:00:34]} Rg8 {[%emt 0:02:08]} 45. a4 {[%emt 0:05:18]} Rb2 {[%emt 0:00:53]} 46. b5 {[%emt 0:00:51]} Ra2 {[%emt 0:01:23]} 47. Rc3 {[%emt 0:03:37]} Re8 {[%emt 0:03:38]} 48. Re3 {[%emt 0:01:26]} Kg7 {[%emt 0:00:51]} 49. Kg4 {[%emt 0:00:11]} Kg6 {[%emt 0:00:24]} 50. Kf3 {[%emt 0:01:38]} Kf5 {[%emt 0:00:54]} 51. Rc3 {[%emt 0:00:57]} e4+ {[%emt 0:00:45]} 52. Ke3 {[%emt 0:00:02]} Rg2 {[%emt 0:00:22]} 53. Kd4 {[%emt 0:00:43]} Re2 {[%emt 0:04:06]} 54. Re3 {[%emt 0:01:09]} Rxe3 {[%emt 0:02:02]} 55. Kxe3 {[%emt 0:00:02]} Rg8 {[%emt 0:00:41]} 56. Kf2 {[%emt 0:01:50]} e3+ {[%emt 0:01:30]} 57. Kxe3 {[%emt 0:00:01]} Rxg3+ {[%emt 0:00:02]} 58. Kd4 {[%emt 0:00:33]} h5 {[%emt 0:01:27]} 59. Nd7 {[%emt 0:00:19]} h4 {[%emt 0:00:44]} 60. b6 {[%emt 0:00:24]} Rb3 {[%emt 0:01:06]} 61. a5 {[%emt 0:00:08]} h3 {[%emt 0:00:07]} 62. a6 {[%emt 0:01:05]} h2 {[%emt 0:00:10]} 0-1